Longest Combined Terms of U.S. Presidents & Vice Presidents - Statistics

General Stats
  • This quiz has been taken 37 times
  • The average score is 5 of 6
Answer Stats
Term in days Answer Term in years % Correct
4422 Franklin D. Roosevelt 12 years, 1 month, 8 days
90%
4383 George H. W. Bush 12 years
87%
4383 Joe Biden 12 years
81%
4949 Richard Nixon 13 years, 6 months, 20 days
74%
4382 Thomas Jefferson 12 years
71%
4334 John Adams 11 years, 10 months, 11 days
65%
No matching quizzes found
Score Distribution
Percent of People with Each Score
Percentile by Number Answered
Your Score History
You have not taken this quiz